Handbook of mathematical formulas and integrals (Record no. 7486)
[ view plain ]
| 000 -LEADER | |
|---|---|
| fixed length control field | 00796 a2200217 4500 |
| 020 ## - INTERNATIONAL STANDARD BOOK NUMBER | |
| International Standard Book Number | 0123822564 |
| 040 ## - CATALOGING SOURCE | |
| Original cataloging agency | DLC |
| Language of cataloging | DLC |
| 100 1# - MAIN ENTRY--PERSONAL NAME | |
| Personal name | Jeffrey, Alan. |
| 245 10 - TITLE STATEMENT | |
| Title | Handbook of mathematical formulas and integrals |
| Statement of responsibility, etc. | Alan Jeffrey |
| 246 3# - VARYING FORM OF TITLE | |
| Title proper/short title | Handbook of mathematical formulas and integrals |
| Medium | [electronic resource] |
| 250 ## - EDITION STATEMENT | |
| Edition statement | 3rd ed. |
| 260 ## - PUBLICATION, DISTRIBUTION, ETC. | |
| Place of publication, distribution, etc. | Boston : |
| Name of publisher, distributor, etc. | Elsevier Academic Press, |
| Date of publication, distribution, etc. | c2004. |
| 300 ## - PHYSICAL DESCRIPTION | |
| Extent | xxv, 453 p. : |
| Other physical details | ill. ; |
| Dimensions | 23 cm. |
| 538 ## - SYSTEM DETAILS NOTE | |
| System details note | Mode of access: World Wide Web. |
| 538 ## - SYSTEM DETAILS NOTE | |
| System details note | System requirements: Internet connectivity; World Wide Web browser. |
| 650 #0 - SUBJECT ADDED ENTRY--TOPICAL TERM | |
| Topical term or geographic name entry element | Mathematics |
| 650 #0 - SUBJECT ADDED ENTRY--TOPICAL TERM | |
| Topical term or geographic name entry element | Mathematics |
| 710 2# - ADDED ENTRY--CORPORATE NAME | |
| Corporate name or jurisdiction name as entry element | ScienceDirect. |
| 856 41 - ELECTRONIC LOCATION AND ACCESS | |
| Uniform Resource Identifier | <a href="http://libproxy1.nus.edu.sg/login?url=http://www.sciencedirect.com/science/book/9780123822567">http://libproxy1.nus.edu.sg/login?url=http://www.sciencedirect.com/science/book/9780123822567</a> |
| 942 ## - ADDED ENTRY ELEMENTS (KOHA) | |
| Koha item type | Book |
| Call number prefix | 510.212 JEF |
| Source of classification or shelving scheme | |
| Withdrawn status | Lost status | Damaged status | Not for loan | Collection code | Permanent Location | Current Location | Shelving location | Date acquired | Source of acquisition | Cost, normal purchase price | Total Checkouts | Full call number | Barcode | Date last seen | Date last checked out | Price effective from | Koha item type |
|---|---|---|---|---|---|---|---|---|---|---|---|---|---|---|---|---|---|
| Central Library (CL) | Central Library (CL) | General Stacks | 05/05/2005 | Allied Book Company | 579.46 | 1 | 510.212 JEF | SEECS005640 | 05/23/2019 | 02/28/2019 | 01/05/2017 | Book |
